000 00598nam a22001937a 4500
003 BUBTL
008 190327b xxu||||| |||| 00| 0 eng d
020 _a978-1-25-906103-5
082 _a624.5 / BOF
100 _92225
_aBowles, Joseph E
245 _aFoundation analysis and design /
_cJoseph E Bowles
250 _a5th ed.
260 _aChennai :
_bMcGraw-Hill Education (India) Private Limited,
_cc1996
300 _axxiii,1175 p. :
_bill. ;
_c24 cm.
650 0 _92223
_aCivil Engineering
856 _k0
_l0
_yDownload
942 _2ddc
_cBK
999 _c5930
_d5930